01014nam a2200253 i 4500001001000000003000900010005001700019006001900036007000300055008004100058040003000099082001300129245009400142264006200236300002700298336002700325337003300352338002800385590002700413942001400440952014900454952014000603999001700743000047851DO-SdBNP20231206133101.0a||||gr|||| 00| 0 ta180830b200? dr 000 spa d aDO-SdBNPbspacBNPHUerda 4bE24L22200aEducación en la libertad y para la libertad:banálisi de una experiencia educativa. / aSanto Domingo :bColegio Dominicano de la Salle,c[200?]. a82 páginas ;c21 cm. 2rdacontentatextobtxt 2rdamediaasin mediaciónbn 2rdacarrieravolumenbnc aInventariado,2023 / MF 2ddccLBS1 00102ddc51708PDaBNPHUbBNPHUcCTd2013-08-30eDonado por Familia Reyes Dulucl0oE244p47851-10r2020-06-25w2020-06-25yLBS1ZNo se presta 00102ddc51708PDaBNPHUbBNPHUd2014-12-09eDonado por Barbara Suncarl0oE244p47851-20r2020-06-25w2020-06-25yLBS1ZNo se presta c47339d47339